Peace or appeasement?: Hitler, Chamberlain and the Munich Crisis
Sábháilte in:
| Príomhchruthaitheoir: | |
|---|---|
| Formáid: | LEABHAR |
| Teanga: | Béarla |
| Foilsithe / Cruthaithe: |
Boston
Houghton Mifflin Company
1965
|
| Eagrán: | 1a. ed |
| Ábhair: | |
| Clibeanna: |
Cuir clib leis
Níl clibeanna ann, Bí ar an gcéad duine le clib a chur leis an taifead seo!
|
MARC
| LEADER | 00000cam a2200000 a 4500 | ||
|---|---|---|---|
| 001 | UCD4111 | ||
| 003 | CL-VaPUC | ||
| 008 | 160623e19650000us |||||||||||||||||eng|d | ||
| 082 | 0 | 4 | |a 943.086 |b LOE |2 21 |
| 100 | |a Loewenheim, Francis L. |e autor |9 587725 | ||
| 245 | 1 | 0 | |a Peace or appeasement?: Hitler, Chamberlain and the Munich Crisis |
| 250 | |a 1a. ed | ||
| 300 | |a 204 p | ||
| 942 | |c BK | ||
| 945 | |d 20160623 20:48:00 |a arojas | ||
| 260 | |a Boston |b Houghton Mifflin Company |c 1965 | ||
| 650 | 0 | |a Potencias mundiales |9 431761 | |
| 650 | 0 | |a Segunda Guerra Mundial |9 325982 | |
| 650 | 0 | |a Relaciones Exteriores |9 255379 | |
| 651 | 0 | |a Alemania |9 255688 | |
| 651 | 0 | |a Gran Bretaña |9 256767 | |
| 583 | |a last modification |c 20160623 20:48:00 |k Rodrigo Vera | ||
| 999 | |c 365056 |d 365054 | ||
| 952 | |0 0 |1 0 |3 erb |4 0 |6 943_086000000000000_LOE_1965 |7 0 |8 A |9 478754 |a FDOHBE |b FDOHBE |e Huesbe Llanos, Marco Antonio, 1934- |i 5333571 |o 943.086 LOE 1965 |p 5333571 |r 2024-01-30 |w 2019-11-24 |y BK |z Catalogado en:20160623 |k HBE | ||